=LDR 00000nam 2200000 4500 =001 INLIS000000000011992 =005 20200806090625 =035 ##$$a 0010-061300000011992 =008 200806################g##########0#ind## =041 ##$$a Ind =082 ##$$a 2x9 =090 ##$$a 2x9, Sha s =100 ##$$a Shaban, M.A =245 1#$$a Sejarah islam : $b (Penafsiran baru) 600 - 750 /$c M.A. Shaban : Penerjemah, Machrum Husein =260 ##$$a Jakarta :$b Citra Niaga Rajawali Pers,$c 1993 =300 ##$$a xvi,304 hlm. ; $c 20 x 13 cm. =650 #4$$a Islam - sejarah =700 #$$a Husein, Machmen =850 ##$$a NBPNMAT =020 ##$$a 979-421-332-2 =084 ##$$a 2x9 SHA s =250 ##$$a cet. 1 =990 ##$$a 00032040 =990 ##$$a 00032041 =990 ##$$a 00032042 =990 ##$$a 00032043 =990 ##$$a 94416/BPAP-NTB/2014 =990 ##$$a 00032042 =990 ##$$a 00032040 =990 ##$$a 00032041 =990 ##$$a 00032043 =990 ##$$a 94416/BPAP-NTB/2014 =990 ##$$a 00032040 =990 ##$$a 00032041 =990 ##$$a 00032042 =990 ##$$a 00032043 =990 ##$$a 94416/BPAP-NTB/2014 =990 ##$$a 00032043 =990 ##$$a 00032040 =990 ##$$a 00032041 =990 ##$$a 00032042 =990 ##$$a 00032043 =990 ##$$a 00032040 =990 ##$$a 00032041 =990 ##$$a 00032042 =990 ##$$a 00032041 =990 ##$$a 00032040 =990 ##$$a 00032042 =990 ##$$a 00032043